|
|
|
|
| LEADER |
00747nab a2200205 i 4500 |
| 001 |
publ8457 |
| 005 |
20190520111659.0 |
| 008 |
170210s2014 hu o 0|| magyar d |
| 022 |
|
|
|a 0231-2522
|
| 024 |
7 |
|
|a 2739815
|2 mtmt
|
| 040 |
|
|
|a SZTE Publicatio Repozitórium
|b hun
|
| 041 |
|
|
|a magyar
|
| 100 |
1 |
|
|a Kriston Pálma
|
| 245 |
1 |
0 |
|a Fiatalok mentális egészsége az objektív és szubjektív társadalmi mutatók tükrében
|h [elektronikus dokumentum] /
|c Kriston Pálma
|
| 260 |
|
|
|a Akadémiai Kiadó
|c 2014
|
| 300 |
|
|
|a 85-98
|
| 490 |
0 |
|
|a TÁRSADALOMKUTATÁS
|v 32 No. 2
|
| 700 |
0 |
1 |
|a Pikó Bettina
|e aut
|
| 700 |
0 |
1 |
|a Kovács Eszter
|e aut
|
| 856 |
4 |
0 |
|u http://publicatio.bibl.u-szeged.hu/8457/1/2014_tarsadalomkutatas_kriston_pdf_u.pdf
|z Dokumentum-elérés
|